| 000 | 00896nam a22001937a 4500 | ||
|---|---|---|---|
| 999 |
_c60425 _d60425 |
||
| 005 | 20230714131356.0 | ||
| 008 | 230714s2016en xxu||||| |||| 00| 0 eng d | ||
| 020 | _a9781800274570 X | ||
| 041 | _aeng | ||
| 080 | _a159.9 M-24 | ||
| 100 |
_a Manning James, (Author) _919345 |
||
| 245 |
_aCBT Worksheets: _bCBT worksheets for CBT therapists in training - Formulation worksheets, generic CBT cycle worksheets, thought records, thought ... worksheets and CBT handouts all in one book / _c James Manning (Author), Nicola Ridgeway (Author) |
||
| 264 |
_aUSA : _b CBT Service Ltd, _c2016. |
||
| 300 |
_a138 p.; _bill; _c29 cm. |
||
| 653 | _aფსიქოლოგია | ||
| 653 | _a აზროვნების ჩანაწერები, აზროვნების სამუშაო ფურცლები | ||
| 700 |
_aRidgeway Nicola, (Author) _919346 |
||
| 942 |
_2udc _cBK |
||